000 00791nam a2200217 a 4500
001 000015587
005 20240306073909.0
008 100215s1973 dr a 000 0 spa d
040 _aDO-SdBNP
_bspa
_cBNPHU
082 _a910.47293
_bM378a
100 1 _aMartí, José,
_d1853-1895
_9645
245 1 0 _aApuntes de un viaje :
_bmi estadía en Santo Domingo /
_cJosé Martí.
260 _aSanto Domingo :
_bRenovación,
_c1973.
300 _a98 p. :
_bil. ;
_c20 cm.
504 _aIncluye notas al pie de las páginas.
651 4 _aRepública Dominicana
_xDescripciones Y Viajes
_91651
651 4 _aHaití
_xDescripciones Y Viajes
_935165
600 1 4 _aMARTÍ, JOSÉ,
_d1853-1895
_xVIAJE
_zREPÚBLICA DOMINICA
_935166
600 1 4 _aMARTÍ, JOSÉ,
_d1853-1895
_xVIAJE
_zHAITÍ
_935167
049 _aBNPD
999 _c15142
_d15142